The Bloomsbury research handbook of Vedānta /

Bibliographic Details
Corporate Author: ProQuest (Firm)
Other Authors: Maharaj, Ayon (Editor)
Format: eBook
Language:English
Published: New York : Bloomsbury Academic, 2020.
Series:Bloomsbury research handbooks in Asian philosophy
Subjects:
Online Access:Connect to the full text of this electronic book

MARC

Tag First Indicator Second Indicator Subfields
LEADER 00000nam a22000001i 4500
001 in00004760121
003 OCoLC
005 20200603080622.9
006 m |o d |
007 cr |n|||||||||
008 200603s2020 nyu ob 001 0 eng d
024 8 |a 99995111390 
035 |a (OCoLC)1142899768 
040 |a NhCcYBP  |b eng  |e rda  |e pn  |c NhCcYBP 
020 |a 9781350063242 (electronic bk.) 
020 |a 135006324X (electronic bk.) 
020 |z 9781350063235 
020 |z 1350063231 
050 4 |a B132.V3  |b B56 2020 
082 0 4 |a 181/.48  |2 23 
245 0 4 |a The Bloomsbury research handbook of Vedānta /  |c edited by Ayon Maharaj. 
264 1 |a New York :  |b Bloomsbury Academic,  |c 2020. 
300 |a 1 online resource (1 volume.) : 
336 |a text  |b txt  |2 rdacontent 
337 |a computer  |b c  |2 rdamedia 
338 |a online resource  |b cr  |2 rdacarrier 
490 0 |a Bloomsbury research handbooks in Asian philosophy 
504 |a Includes bibliographical references and index. 
505 0 |a Introduction: The Past, Present, and Future of Scholarship on Vedānta / Ayon Maharaj -- Part I. Classical Vedānta: 1. Contemplating Nonduality: The Method of Nididhyāsana in Śaṅkara's Advaita Vedānta / Neil Dalal -- 2. Soul and Qualifying Knowledge (Dharmabhūtajñāna) in the Later Viśiṣṭādvaita Vedānta of Veṅkaṭanātha / Marcus Schmücker -- 3. Vyāsatīrtha's Nyāyāmṛta: An Analytic Defense of Realism in Mādhva Vedānta / Michael Williams -- 4. Accomplishing the Impossible: Jīva Gosvāmī and the Concept of Acintya in Caitanya Vaiṣṇava Vedānta / Ravi M. Gupta -- Part II. Modern Vedānta: 5. Sri Ramakrishna's Philosophy of Anekānta Vedānta / Jeffery D. Long -- 6. Sri Aurobindo's Psychology of a "Psychic Being" in Support of a Metaphysical Argument for Reincarnation / Stephen Phillips -- 7. Debating Freud on the Oceanic Feeling: Romain Rolland's Vedāntic Critique of Psychoanalysis and His Call for a "New Science of the Mind" / Ayon Maharaj -- Part III. Key Themes, Concepts, and Debates in Vedānta: 8. Making Space for God: Karma, Freedom, and Devotion in the Brahmasūtra Commentaries of Śaṅkara, Rāmānuja, and Baladeva / Andrew J. Nicholson -- 9. Vedāntic Approaches to Religious Diversity: Grounding the Many Divinities in the Unity of Brahman / Ankur Barua -- 10. Nondual Philosophies in Dialogue: The World and Embodied Liberation in Advaita Vedānta and Pratyabhijñā / Klara Hedling -- Part IV. Hermeneutic Investigations: 11. Seeing Oneness Everywhere: Sri Aurobindo's Mystico-Immanent Interpretation of the Īśā Upaniṣad / Ayon Maharaj -- 12. On the Style of Vedānta: Reading Bhāratītīrtha's Vaiyāsikanyāyamālā in Light of Mādhava's Jaiminīyanyāyamālā / Francis X. Clooney, S.J. -- 13. Śaṅkaradigvijaya: A Narrative Interpretation of Śaṅkara's Advaita Vedānta / Daniel Raveh -- Part V. Cross-Cultural Explorations: 14. A New Debate on Consciousness: Bringing Classical and Modern Vedānta into Dialogue with Contemporary Analytic Panpsychism / Anand Jayprakash Vaidya -- 15. Mystical Experience as a Skeptical Scenario: Śrīharṣa's Skeptical Advaita in the Khaṇḍanakhaṇḍakhādya / Ethan Mills -- 16. Dream and Love at the Edge of Wisdom: A Contemporary Cross-Cultural Remapping of Vedānta / Arindam Chakrabarti -- Index. 
588 |a Description based on print version record. 
650 0 |a Hindu philosophy. 
650 0 |a Vedanta. 
650 0 |a Advaita. 
650 0 |a Viśiṣṭādvaita. 
650 0 |a Dvaita (Vedanta) 
650 0 |a Philosophy, Modern. 
650 0 |a Philosophy and science. 
650 7 |a Philosophy and science.  |2 fast  |0 (OCoLC)fst01060832 
650 7 |a Philosophy, Modern.  |2 fast  |0 (OCoLC)fst01061071 
650 7 |a Vedanta.  |2 fast  |0 (OCoLC)fst01164683 
655 7 |a Electronic books.  |2 local 
700 1 |a Maharaj, Ayon,  |e editor. 
710 2 |a ProQuest (Firm) 
776 1 8 |i Online version:  |t The Bloomsbury research handbook of Vedanta  |d New York : Bloomsbury Academic, 2020.  |z 9781350063242  |w (DLC) 2020005773 
776 1 8 |c Original  |z 9781350063235  |z 1350063231  |w (DLC) 2020005772  |w (OCoLC)1121129387 
856 4 0 |u https://ebookcentral.proquest.com/lib/tamucs/detail.action?docID=6206961  |z Connect to the full text of this electronic book  |t 0 
945 |b 897925 
955 |a YBP purchased DDA e-records 
980 |b ebook  |c 99995111390  |f DDA  |g 565701  |k USD  |m 180.00  |q 1  |s AcqMono Conventional  |t Demand driven acquisitions (DDA)  |u Vendor order reference number  |v ZYBP  |y PDA  |z Electronic resource 
999 f f |i fc8cc2f2-4c55-4e7d-9af2-fa0ef28a6572  |s 885704e1-db78-4aca-bd30-74d2ed5c135b  |t 0 
952 f f |a Texas A&M University  |b College Station  |c Electronic Resources  |s www_evans  |d Available Online  |t 0  |e B132.V3 B56 2020  |h Library of Congress classification